000 00351nam a2200133Ia 4500
008 230411s9999 xx 000 0 und d
041 _aeng
082 _aPH/615.1/UDA/B07298
100 _aUdaykumar Padmaja
_9179457
245 _aPharmacology for Nurses
260 _bJaypee Brothers
_aNew Delhi
_c2013
300 _a440p
999 _c157435
_d157435